Acupuntura (Record no. 107704)

MARC details
000 -LEADER
campo de control de longitud fija 00581nam a2200193 4500
001 - NÚMERO DE CONTROL
campo de control 107704
003 - IDENTIFICADOR DE NÚMERO DE CONTROL
campo de control ES-MaACL
005 - FECHA Y HORA DE LA ÚLTIMA TRANSACCIÓN
campo de control 20230906184455.0
007 - CAMPO FIJO DE DESCRIPCIÓN FÍSICA--INFORMACIÓN GENERAL
campo de control de longitud fija t|
008 - DATOS DE LONGITUD FIJA--INFORMACIÓN GENERAL
campo de control de longitud fija 061121s1976 sp r ||||1| spa d
100 1# - ENTRADA PRINCIPAL--NOMBRE DE PERSONA
Nombre de persona Moss, Louis.
9 (RLIN) 83792
245 10 - MENCIÓN DEL TÍTULO
Título Acupuntura
Resto del título : el secreto de la medicina china /
Mención de responsabilidad, etc. Louis Moss; traducción J. Perdigó, P. Corripio.
250 ## - MENCION DE EDICION
Mención de edición 2ª. ed.
260 ## - PUBLICACIÓN, DISTRIBUCIÓN, ETC.
Lugar de publicación, distribución, etc. Barcelona :
Nombre del editor, distribuidor, etc. Bruguera,
Fecha de publicación, distribución, etc. 1976.
300 ## - DESCRIPCIÓN FÍSICA
Extensión 329 p., 7 lám ;
Dimensiones 18 cm.
700 0# - ENTRADA AGREGADA--NOMBRE PERSONAL
Nombre de persona Perdigó, Jaime.
9 (RLIN) 90419
700 1# - ENTRADA AGREGADA--NOMBRE PERSONAL
Nombre de persona Corripio, P.
9 (RLIN) 40788
852 ## - LOCALIZACIÓN
Ubicación ES-MaACL
Número de control de estantería A-6227
Sublocalización o colección R.95342
Holdings
Estatus retirado Estado de pérdida Estado de daño No para préstamo Biblioteca de origen Biblioteca actual Ubicación en estantería Fecha de adquisición Fuente de adquisición Total de préstamos Signatura topográfica completa Código de barras Visto por última vez Precio de reemplazo Tipo de ítem Koha
        Biblioteca del Ateneo de Madrid Biblioteca del Ateneo de Madrid Sala Pecera Planta 1 17/01/2008     A-6227 1112405 23/02/2023 23/02/2023 Libro impreso